Make way for ducklings / (Record no. 336091)
[ view plain ]
| 000 -LEADER | |
|---|---|
| fixed length control field | 00403nam a2200169Ia 4500 |
| 008 - FIXED-LENGTH DATA ELEMENTS--GENERAL INFORMATION | |
| fixed length control field | 170705s9999 xx 000 0 und d |
| 020 ## - INTERNATIONAL STANDARD BOOK NUMBER | |
| International Standard Book Number | 590339494 |
| 245 ## - TITLE STATEMENT | |
| Title | Make way for ducklings / |
| 245 ## - TITLE STATEMENT | |
| Statement of responsibility, etc | Robert McCloskey. |
| 260 ## - PUBLICATION, DISTRIBUTION, ETC. (IMPRINT) | |
| Place of publication, distribution, etc | New York : |
| 260 ## - PUBLICATION, DISTRIBUTION, ETC. (IMPRINT) | |
| Name of publisher, distributor, etc | Scholastic, |
| 260 ## - PUBLICATION, DISTRIBUTION, ETC. (IMPRINT) | |
| Date of publication, distribution, etc | 1941 |
| 300 ## - PHYSICAL DESCRIPTION | |
| Extent | unpaged : |
| 300 ## - PHYSICAL DESCRIPTION | |
| Other physical details | black and white illustrations ; |
| 300 ## - PHYSICAL DESCRIPTION | |
| Dimensions | 23cm. |
| 500 ## - GENERAL NOTE | |
| General note | 630 |
No items available.